The Book of Mormon : (Record no. 8549)
[ view plain ]
| 000 -LEADER | |
|---|---|
| fixed length control field | 00989cam a2200301ua 4500 |
| 001 - CONTROL NUMBER | |
| control field | 4448884 |
| 003 - CONTROL NUMBER IDENTIFIER | |
| control field | SISC |
| 005 - DATE AND TIME OF LATEST TRANSACTION | |
| control field | 20160204081552.0 |
| 008 - FIXED-LENGTH DATA ELEMENTS--GENERAL INFORMATION | |
| fixed length control field | 850618t19821981utufa 001 0 eng |
| 010 ## - LIBRARY OF CONGRESS CONTROL NUMBER | |
| LC control number | 84167395 |
| 035 ## - SYSTEM CONTROL NUMBER | |
| System control number | (OCoLC)11317576 |
| 035 ## - SYSTEM CONTROL NUMBER | |
| System control number | (OCoLC)ocm11317576 |
| 035 ## - SYSTEM CONTROL NUMBER | |
| System control number | (NNC)4448884 |
| 040 ## - CATALOGING SOURCE | |
| Modifying agency | CStRLIN |
| 050 0# - LIBRARY OF CONGRESS CALL NUMBER | |
| Classification number | BX 8623 |
| Item number | .B724 1981 |
| 090 ## - LOCALLY ASSIGNED LC-TYPE CALL NUMBER (OCLC); LOCAL CALL NUMBER (OCLC) | |
| Classification number (OCLC) (R) ; Classification number, CALL (RLIN) (NR) | BX8623 |
| Local cutter number (OCLC) ; Book number/undivided call number, CALL (RLIN) | 1981 |
| 130 0# - MAIN ENTRY--UNIFORM TITLE | |
| Uniform title | Book of Mormon. |
| 9 (RLIN) | 10182 |
| 245 14 - TITLE STATEMENT | |
| Title | The Book of Mormon : |
| Remainder of title | an account / |
| Statement of responsibility, etc | written by the hand of Mormon upon plates taken from the plates of Nephi ; translated by Joseph Smith, Jun. |
| 260 ## - PUBLICATION, DISTRIBUTION, ETC. (IMPRINT) | |
| Place of publication, distribution, etc | Salt Lake City, Utah, U.S.A. : |
| Name of publisher, distributor, etc | Church of Jesus Christ of Latter-day Saints, |
| Date of publication, distribution, etc | 1982, c1981. |
| 300 ## - PHYSICAL DESCRIPTION | |
| Extent | 779 p., [9] p. of plates : |
| Other physical details | col. ill. ; |
| Dimensions | 18 cm. |
| 500 ## - GENERAL NOTE | |
| General note | Includes index. |
| 700 1# - ADDED ENTRY--PERSONAL NAME | |
| Personal name | Smith, Joseph, |
| Dates associated with a name | 1805-1844. |
| 9 (RLIN) | 10183 |
| 710 2# - ADDED ENTRY--CORPORATE NAME | |
| Corporate name or jurisdiction name as entry element | Church of Jesus Christ of Latter-day Saints. |
| 9 (RLIN) | 10184 |
| 942 ## - ADDED ENTRY ELEMENTS (KOHA) | |
| Koha item type | Books |
| Source of classification or shelving scheme | Library of Congress Classification |
| Withdrawn status | Lost status | Source of classification or shelving scheme | Damaged status | Home library | Current library | Shelving location | Date acquired | Total Checkouts | Full call number | Barcode | Date last seen | Copy number | Price effective from | Koha item type |
|---|---|---|---|---|---|---|---|---|---|---|---|---|---|---|
| Library of Congress Classification | Luxembourg Library | Luxembourg Library | High School Section | 08/14/2013 | BX 8623 .B724 1981 | 7114 | 08/14/2013 | 1 | 08/14/2013 | Books | ||||
| Library of Congress Classification | Luxembourg Library | Luxembourg Library | High School Section | 08/14/2013 | BX 8623 .B724 1981 | 9886 | 08/14/2013 | 2 | 08/14/2013 | Books |